Visualizzazione normale
Vista MARC
- Briacca, Giuseppe
di Personal Name
Records bibliografici associati: 1
001 - CONTROL NUMBER
- control field: 51759
003 - CONTROL NUMBER IDENTIFIER
- control field: IT-RoINE
005 - DATE AND TIME OF LATEST TRANSACTION
- control field: 20190318074439.0
008 - FIXED-LENGTH DATA ELEMENTS
- fixed length control field: 180719|| aca||aabn | a|a d
040 ## - CATALOGING SOURCE
- Original cataloging agency: IT-RoINE
- Transcribing agency: IT-RoINE
100 1# - HEADING--PERSONAL NAME
- Personal name: Briacca, Giuseppe
670 ## - SOURCE DATA FOUND
- Source citation: Work cat.: (IT-RoINE)0: Briacca, Giuseppe, sac., Gli statuti sinodali novaresi di Papiniano Della Rovere, a. 1298 /, 1971.